| 000 | 00927nam a2200313 a 4500 | ||
|---|---|---|---|
| 001 | 57832 | ||
| 003 | CO-BoRNBP | ||
| 005 | 20250731145554.0 | ||
| 007 | ta | ||
| 008 | 870521s1985 sp a jr 00010 spa d | ||
| 020 | _a8420432164 | ||
| 040 |
_ala _cla |
||
| 041 | 1 |
_aspa _hger |
|
| 043 | _ae-gx--- | ||
| 082 | 0 | 4 |
_aI833.91 _bK17a _219 ed. |
| 100 | 1 |
_aKästner, Erich, _d1899-1974. |
|
| 245 | 1 | 3 |
_aEl aula voladora / _cErich Kästner ; traducción de Carmen Seco ; ilustraciones de Walter Trier. |
| 250 | _a4a. ed. | ||
| 300 |
_a142 p. : _bil. ; _c19 cm. |
||
| 336 |
_2rdacontent _atexto _btxt |
||
| 337 |
_2rdamedia _asin mediación _bn |
||
| 338 |
_2rdacarrier _avolumen _bnc |
||
| 534 | _tDas fliegende klassenzimmer. | ||
| 650 | 7 |
_aCuentos infantiles alemanes. _2BLAAUTO |
|
| 700 | 1 |
_aSeco, Carmen, _etr. _961757 |
|
| 700 | 1 |
_aTrier, Walter, _d1890-1951, _eil. _961758 |
|
| 942 |
_2ddc _cBK |
||
| 949 |
_an _bn |
||
| 999 |
_c57832 _d57832 |
||